LEADER 03264njm a2200649 i 4500
001 001784429
003 CZ BrMZK
005 20210607102923.0
007 sd fungnnmmned
008 210210t20192019xr synng f n zxx
015 |a cnb003217125 
024 3 |a 8595017423628 
028 0 1 |a F10236  |b Arta Music 
040 |a BOA001  |b cze  |e rda1784428 
041 0 |g eng 
043 |a e-au--- 
045 |a v7v8 
048 |a ob01 
072 7 |a 785  |x Instrumentální hudba. Symfonická hudba. Hudba pro více nástrojů  |2 Konspekt  |9 9 
080 |a 785.11  |2 MRF 
080 |a 78.082.1  |2 MRF 
080 |a (086.76)  |2 MRF 
100 1 |a Mozart, Wolfgang Amadeus,  |d 1756-1791  |7 jn19990005867  |4 cmp 
245 1 0 |a Late symphonies /  |c Wolfgang Amadeus Mozart 
264 1 |a [Praha] :  |b Arta Music,  |c [2019] 
264 4 |c ℗2019 
300 |a 3 CD audio (71:46; 75:57; 59:37);  |c 12 cm 
336 |a hraná hudba  |b prm  |2 rdacontent 
337 |a audio  |b s  |2 rdamedia 
338 |a audiodisk  |b sd  |2 rdacarrier 
344 |a digital  |b optical  |2 rda 
347 |a audio soubor  |b CD audio  |2 rda 
382 0 1 |a komorní orchestr 
500 |a Název z pouzdra 
500 |a Fonogram Ji-hoon Ahn under exclusive license to Vítězslav Janda/Arta Music 
500 |a Informace o dirigentovi anglicky na pouzdru 
505 0 |a CD1. Symphony no. 33 in B flat major, K. 319 (1779) -- Symphony no. 34 in C major, K. 338 (1780) -- Symphony no. 36 in C major, "Linz", K. 425 (1783) -- CD2. Symphony no. 35 in D major, "Haffner", K. 385 (1782) -- Symphony no. 38 in D major, "Prague", K. 504 (1786) -- Symphony no. 39 in E flat major, K. 543 (1788) -- CD3. Symphony no. 40 in G minor, K. 550 (1788) -- Symphony no. 41 in C major, "Jupiter", K. 551 (1788) 
511 1 |a Pražský komorní orchestr, Ji-hoon Ahn, dirigent 
648 7 |a 18. století  |7 ch460556  |2 czenas 
648 4 |a 1779-1788 
650 0 7 |a orchestrální hudba  |7 ph123783  |z Rakousko  |y 18. století  |2 czenas 
650 0 7 |a symfonie  |7 ph126358  |2 czenas 
655 7 |a kompaktní disky  |7 fd201991  |2 czenas 
700 1 |a Ahn, Ji-Hoon,  |d 1970-  |7 mzk2005271979  |4 cnd 
700 1 2 |i Obsahuje (dílo):  |a Mozart, Wolfgang Amadeus,  |d 1756-1791.  |t Symfonie,  |n K. 319,  |r B dur  |7 aun2006373236 
700 1 2 |i Obsahuje (dílo):  |a Mozart, Wolfgang Amadeus,  |d 1756-1791.  |t Symfonie,  |n K. 338,  |r C dur  |7 aun2011631593 
700 1 2 |i Obsahuje (dílo):  |a Mozart, Wolfgang Amadeus,  |d 1756-1791.  |t Symfonie,  |n K. 425,  |r C dur  |7 aun2006380864 
700 1 2 |i Obsahuje (dílo):  |a Mozart, Wolfgang Amadeus,  |d 1756-1791.  |t Symfonie,  |n K. 385,  |r D dur  |7 aun2009524928 
700 1 2 |i Obsahuje (dílo):  |a Mozart, Wolfgang Amadeus,  |d 1756-1791.  |t Symfonie,  |n K. 504,  |r D dur  |7 aun2006373237 
700 1 2 |i Obsahuje (dílo):  |a Mozart, Wolfgang Amadeus,  |d 1756-1791.  |t Symfonie,  |n K. 543,  |r Es dur  |7 aun2009503703 
700 1 2 |i Obsahuje (dílo):  |a Mozart, Wolfgang Amadeus,  |d 1756-1791.  |t Symfonie,  |n K. 550,  |r g moll  |7 aun2009524933 
700 1 2 |i Obsahuje (dílo):  |a Mozart, Wolfgang Amadeus,  |d 1756-1791.  |t Symfonie,  |n K. 551,  |r C dur  |7 aun2007396288 
710 2 |a Pražský komorní orchestr  |7 kn20010710282  |4 itr 
910 |a BOA001  |b CDR-1460.927 
990 |a AV 
991 |b 202106 
996 6 |b 2610858116  |c CDR-1460.927  |l MZK  |r Sklad / do 24 hodin  |n 0  |p p.v.  |w 001844525  |u 000010  |a 1  |e BOA001  |j MZK50  |s P